Countries with the Most FIFA World Cup Goals - Statistics

General Stats
  • This quiz has been taken 318 times
  • The average score is 17 of 20
Answer Stats
Goals Country % Correct
237 Brazil
100%
152 Argentina
99%
232 Germany
99%
128 Italy
98%
108 Spain
98%
136 France
97%
104 England
96%
96 Netherlands
93%
61 Portugal
92%
89 Uruguay
90%
69 Belgium
87%
77 Russia
86%
62 Mexico
84%
80 Sweden
83%
49 Poland
79%
55 Switzerland
74%
87 Hungary
70%
43 Croatia
68%
71 Serbia
60%
47 Czech Republic
56%
No matching quizzes found
Score Distribution
Percent of People with Each Score
Percentile by Number Answered
Your Score History
You have not taken this quiz